Climat éthique de l'entreprise et comportement éthique du vendeur une application au domaine business to business

Gespeichert in:
Bibliographische Detailangaben
1. Verfasser: Lavorata, Laure
Format: Buch
Sprache:Französisch
Veröffentlicht: Saarbrücken Éditions universitaires européennes 2010
Schlagworte:
Tags: Tag hinzufügen
Keine Tags, Fügen Sie das erste Tag hinzu!

MARC

LEADER 00000nam a2200000 4500
001 0135479
005 20221108071150.6
020 |a 978-613-1-52211-6 
041 0 |a fre 
044 |a DE 
245 1 0 |a Climat éthique de l'entreprise et comportement éthique du vendeur  |b une application au domaine business to business  |c Laure Lavorata 
264 1 |a Saarbrücken  |b Éditions universitaires européennes  |c 2010 
300 |a xix, 341 s. 
610 2 0 |a zmeny klimatické 
610 2 0 |a ochrana prostredia životného 
610 2 0 |a etika environmentálna 
610 2 0 |a etika podniková 
610 2 0 |a podnikanie 
610 2 0 |a obchod 
100 1 |a Lavorata, Laure